Normal view
MARC view
- العارف،نادية ابو الوفا/محمد عبد العظيم ابو النجا/امنية مختار ياقوت
Entry Personal Name
001 - CONTROL NUMBER
- control field: 32542
003 - CONTROL NUMBER IDENTIFIER
- control field: JO-AjAnu
005 - DATE AND TIME OF LATEST TRANSACTION
- control field: 20230606075452.0
008 - FIXED-LENGTH DATA ELEMENTS
- fixed length control field: 230606|| aca||aabn | a|a d
040 ## - CATALOGING SOURCE
- Original cataloging agency: JO-AjAnu
- Transcribing agency: JO-AjAnu
100 ## - HEADING--PERSONAL NAME
- Personal name: العارف،نادية ابو الوفا/محمد عبد العظيم ابو النجا/امنية مختار ياقوت
670 ## - SOURCE DATA FOUND
- Source citation: Work cat.: (JO-AjAnu)16717: العارف،نادية ابو الوفا/محمد عبد العظيم ابو النجا/امنية مختار ياقوت, author, التسويق في الالفية الثالثة